| 000 | 00469nam a2200169Ia 4500 | ||
|---|---|---|---|
| 008 | 230718s9999 xx 000 0 und d | ||
| 020 | _a9788120344839 | ||
| 041 | _aeng | ||
| 082 |
_a344.73'021 _bBHA |
||
| 100 |
_aBhatia N. _9193214 |
||
| 245 | _aCorporate And Compensation Laws | ||
| 260 |
_c2012 _bPHI Learning |
||
| 300 | _a379 | ||
| 365 |
_cRs. _b350.00 |
||
| 700 |
_aBhatia N. & Jyotsna S. _9193215 |
||
| 906 |
_dO:0260914-Feb-2012B:1064914-Jan-2012 _cETC _b87.5 |
||
| 999 |
_c329941 _d329941 |
||